| 000 | 01196nam a2200205Ia 4500 | ||
|---|---|---|---|
| 003 | Ost | ||
| 005 | 20260507075632.0 | ||
| 008 | 260507s9999||||xx |||||||||||||| ||und|| | ||
| 040 | _cfsecg | ||
| 041 | _aara | ||
| 082 | _a1.64 | ||
| 100 |
_aجمعة، نزار _eمؤلف |
||
| 245 | 0 |
_aالبسيك لحاسب كومودور 64 / _c نزار جمعة |
|
| 260 |
_aبيروت: _bالدار العربية للعلوم, _c1988 |
||
| 300 |
_a268 صفحة؛ _bإيضاحات ؛ _c22 سم |
||
| 520 | _aمقدمة للمناسبات الألية وللبرمجة ،عبارات المدخلات والمخرجات ،تطوير البرنامج : تفريغ مشروط وتفريغ غير مشروط ،الأوامر وظائف أخرى الجداول الالمفربية ،توليد الصوت ، ضلال الرسوم والرموز المصممة الخاصة ، توليد الصوت ، استعمال الألة الطابعة ووحدة الأسطوانة ،استعمال الملفات البيانية ، معالجة الملفات ومثال عن التقارير | ||
| 653 | _aالبرمجة الآلية | ||
| 700 |
_aخطاب، أحمد _eمؤلف ثانوي |
||
| 942 | _cكتاب | ||
| 999 |
_c45218 _d45218 |
||